00305nam a22001217a 4500020001500000040000900015082001700024100001900041245003500060250001500095260003800110650003500148 a8178081741 cNUST a620.103bHIB aHIBBELER, R.C. aENGINEERING MECHANICS STATICS  aSI EDITION aINDIA:bPEARSON EDUCATION,c1997. aENGINEERING MECHANICS STATICS